<?xml version="1.0" encoding="UTF-8"?>
<record
    xmlns:xsi="http://www.w3.org/2001/XMLSchema-instance"
    xsi:schemaLocation="http://www.loc.gov/MARC21/slim http://www.loc.gov/standards/marcxml/schema/MARC21slim.xsd"
    xmlns="http://www.loc.gov/MARC21/slim">

  <leader>01344nam a2200301 a 4500</leader>
  <controlfield tag="003">OSt</controlfield>
  <controlfield tag="005">20251217132742.0</controlfield>
  <controlfield tag="008">220503s2021    mx a||||o|||| 001 0 spa d</controlfield>
  <datafield tag="020" ind1=" " ind2=" ">
    <subfield code="a">978-607-12-0623-7</subfield>
  </datafield>
  <datafield tag="040" ind1=" " ind2=" ">
    <subfield code="c">CHAP</subfield>
  </datafield>
  <datafield tag="100" ind1="1" ind2=" ">
    <subfield code="9">107429</subfield>
    <subfield code="a">S&#xE1;nchez Cohen, Ignacio</subfield>
  </datafield>
  <datafield tag="245" ind1="1" ind2="0">
    <subfield code="a">Fundamentos f&#xED;sicos de modelos clim&#xE1;ticos para transferencia de energ&#xED;a :</subfield>
    <subfield code="b">manual del usuario del software : CCLINCH /</subfield>
    <subfield code="c">por Ignacio S&#xE1;nchez Cohen, Ricardo Trejo Calzada y Aurelio Pedroza Sandoval.</subfield>
  </datafield>
  <datafield tag="264" ind1=" " ind2="1">
    <subfield code="a">Chapingo. M&#xE9;xico :</subfield>
    <subfield code="b">Universidad Aut&#xF3;noma Chapingo. URUZA.</subfield>
    <subfield code="c">2021</subfield>
  </datafield>
  <datafield tag="300" ind1=" " ind2=" ">
    <subfield code="a">60 p&#xE1;ginas.</subfield>
    <subfield code="b">figuras, tablas.</subfield>
  </datafield>
  <datafield tag="490" ind1="1" ind2=" ">
    <subfield code="a">Climatolog&#xED;a f&#xED;sica</subfield>
  </datafield>
  <datafield tag="504" ind1=" " ind2=" ">
    <subfield code="a">Incluye literatura citada p&#xE1;ginas : 43-47.</subfield>
  </datafield>
  <datafield tag="520" ind1=" " ind2=" ">
    <subfield code="a">Una aproximaci&#xF3;n did&#xE1;ctica para conocer los algoritmos comunes utilizados en la cuantificaci&#xF3;n de impacto por oscilaciones t&#xE9;rmicas en zonas &#xE1;ridas.</subfield>
  </datafield>
  <datafield tag="650" ind1=" " ind2="4">
    <subfield code="9">129851</subfield>
    <subfield code="a">Suelos y clima</subfield>
    <subfield code="x">Modelos matem&#xE1;ticos</subfield>
  </datafield>
  <datafield tag="650" ind1=" " ind2="4">
    <subfield code="9">130114</subfield>
    <subfield code="a">Temperatura atmosf&#xE9;rica</subfield>
    <subfield code="x">Medici&#xF3;n</subfield>
  </datafield>
  <datafield tag="650" ind1=" " ind2="4">
    <subfield code="9">164696</subfield>
    <subfield code="a">Temperatura </subfield>
    <subfield code="x"> efecto en suelos</subfield>
  </datafield>
  <datafield tag="700" ind1="1" ind2=" ">
    <subfield code="9">114744</subfield>
    <subfield code="a">Trejo Calzada, Ricardo</subfield>
  </datafield>
  <datafield tag="700" ind1="1" ind2=" ">
    <subfield code="9">86574</subfield>
    <subfield code="a">Pedroza Sandoval, Aurelio</subfield>
  </datafield>
  <datafield tag="830" ind1=" " ind2="4">
    <subfield code="9">188203</subfield>
    <subfield code="a">Climatolog&#xED;a f&#xED;sica</subfield>
  </datafield>
  <datafield tag="856" ind1="4" ind2="0">
    <subfield code="u">http://10.13.5.2/libros/ISBN_978-607-12-0623-7.pdf</subfield>
    <subfield code="z">DESCARGAR PDF</subfield>
  </datafield>
  <datafield tag="942" ind1=" " ind2=" ">
    <subfield code="2">local</subfield>
  </datafield>
  <datafield tag="942" ind1=" " ind2=" ">
    <subfield code="2">ddc</subfield>
  </datafield>
  <datafield tag="942" ind1=" " ind2=" ">
    <subfield code="c">E-LIBRO</subfield>
    <subfield code="2">ddc</subfield>
  </datafield>
  <datafield tag="999" ind1=" " ind2=" ">
    <subfield code="c">209254</subfield>
    <subfield code="d">209254</subfield>
  </datafield>
  <datafield tag="952" ind1=" " ind2=" ">
    <subfield code="0">0</subfield>
    <subfield code="1">0</subfield>
    <subfield code="2">ddc</subfield>
    <subfield code="4">0</subfield>
    <subfield code="5">1</subfield>
    <subfield code="7">0</subfield>
    <subfield code="8">E-LIBRO</subfield>
    <subfield code="a">BD</subfield>
    <subfield code="b">BD</subfield>
    <subfield code="c">E_L</subfield>
    <subfield code="d">2023-10-26</subfield>
    <subfield code="l">0</subfield>
    <subfield code="r">2023-10-26 00:00:00</subfield>
    <subfield code="w">2023-10-26</subfield>
    <subfield code="y">E-LIBRO</subfield>
    <subfield code="z">PDF</subfield>
  </datafield>
</record>
